|
|
|
|
| LEADER |
00000nam a22000007a 4500 |
| 005 |
2016052407197.0 |
| 007 |
cr|||| ||u| |
| 008 |
160524s2016 mx ||||| |||| 00||0 spa d |
| 020 |
|
|
|a 978-607-406-802-3
|
| 035 |
|
|
|a 14256
|
| 040 |
|
|
|a vLex
|
| 090 |
|
|
|c 6129
|d 6129
|
| 100 |
1 |
|
|a Martn̕ez Gutiřrez, Javier
|
| 245 |
1 |
0 |
|a 60 Casos Prc̀ticos ISR, IVA, IMSS 2016
|h [Recurso electrn̤ico] /
|c Javier Martn̕ez Gutiřrez
|
| 256 |
|
|
|a Servicio en ln̕ea
|
| 260 |
|
|
|a Mexico
|b Ediciones Fiscales ISEF
|c 2016
|
| 300 |
|
|
|a 1 recurso electrn̤ico
|
| 500 |
|
|
|a En este libro encontrar ̀casos prc̀ticos para personas fs̕icas y morales sobre el cl̀culo de pagos provisionales, declaracin̤ del ejercicio, para efectos del ISR, de sueldos y salarios, cuotas del IMSS, as ̕como pagos del IVA, adems̀ contiene recomendaciones contables que tienen efecto fiscal. Incluye comentarios a la deduccin̤ adicional al primer empleo y aspectos de la reforma laboral y el outsourcing.
|
| 506 |
1 |
|
|a Contenido solo disponible en los productos indicados
|d vLex Global
|d vLex Global (Academic Edition, excluding Law Schools)
|d vLex Global (U.S. Academic Edition, Law Schools)
|d vLex Global (U.S. Academic Edition, excluding Law Schools)
|d vLex Global (Academic Edition, Law Schools)
|
| 650 |
0 |
4 |
|a Derecho
|z Mx̌ico
|
| 740 |
0 |
|
|a vLex libros (serivcio en ln̕ea)
|
| 856 |
4 |
0 |
|u http://vlex.com/source/60-casos-practicos-isr-iva-imss-2016-14256
|z Acceso restringido
|
| 942 |
|
|
|c BOOK
|
| 999 |
0 |
|
|a Law
|b Mexic
|